[Event "International Championship of Central Serbia 2015 - OPEN A"]
[Site "Paracin"]
[Date "2015.07.06"]
[Round "4.27"]
[White "Zivkovic, Ivan B"]
[Black "Livaja, Mario"]
[Result "1-0"]
[WhiteElo "2347"]
[BlackElo "2216"]
[PlyCount "69"]
[EventDate "2015.07.03"]

1. e4 c5 2. Nf3 e6 3. d3 Nc6 4. g3 d6 5. Bg2 g6 6. O-O Bg7 7. c3 Nge7 8. Be3
O-O 9. d4 cxd4 10. Nxd4 a6 11. Na3 Qc7 12. Rc1 Bd7 13. c4 Rac8 14. Qd2 Nxd4 15.
Bxd4 Bxd4 16. Qxd4 e5 17. Qd2 Be6 18. b3 Kg7 19. Nc2 Nc6 20. f4 f6 21. Rf2 Qe7
22. h4 Rc7 23. Rd1 Rd8 24. f5 gxf5 25. exf5 Bf7 26. g4 Rcd7 27. Ne3 Kh8 28. Nd5
Bxd5 29. Bxd5 Qf8 30. Rg2 Nd4 31. Rf1 b5 32. g5 Rg7 33. g6 Qe7 34. h5 Qa7 35.
Kh1 1-0

[Event "International Championship of Central Serbia 2015 - OPEN A"]
[Site "Paracin"]
[Date "2015.07.06"]
[Round "4.28"]
[White "Somborski, Nebojsa"]
[Black "Mikanovic, Sandro"]
[Result "1-0"]
[WhiteElo "2325"]
[BlackElo "2212"]
[PlyCount "56"]
[EventDate "2015.07.03"]

1. e4 c6 2. d4 d5 3. Nc3 dxe4 4. Nxe4 Bf5 5. Ng3 Bg6 6. h4 h6 7. Nf3 Nd7 8. h5
Bh7 9. Bd3 Bxd3 10. Qxd3 e6 11. Bd2 Ngf6 12. O-O-O Be7 13. Kb1 O-O 14. Ne4 Qb6
15. Nxf6+ Nxf6 16. g4 Nxg4 17. Rdg1 f5 18. Ne5 Nxe5 19. dxe5 Rad8 20. Qg3 g5
21. hxg6 Rxd2 22. g7 Rfd8 23. Qg6 Bg5 24. Qxe6+ Kxg7 25. Qxh6+ Kf7 26. Qxg5 Ke6
27. Rh6+ Kxe5 28. Re1+ Kd4 1-0

[Event "International Championship of Central Serbia 2015 - OPEN A"]
[Site "Paracin"]
[Date "2015.07.06"]
[Round "4.29"]
[White "Zarkovic, Mila"]
[Black "Pantelic, Sasa"]
[Result "1-0"]
[WhiteElo "2209"]
[BlackElo "2324"]
[PlyCount "99"]
[EventDate "2015.07.03"]

1. e4 c5 2. Nf3 d6 3. d4 cxd4 4. Nxd4 Nf6 5. Nc3 g6 6. Be3 Bg7 7. f3 O-O 8. Qd2
Nc6 9. O-O-O d5 10. Kb1 Nxd4 11. e5 Nf5 12. exf6 exf6 13. Bc5 d4 14. Bxf8 Qxf8
15. Nb5 Ne3 16. Rc1 f5 17. Nxd4 f4 18. g3 Qd6 19. c3 Nxf1 20. Rcxf1 fxg3 21.
hxg3 Qxg3 22. f4 Bxd4 23. Qxd4 Bf5+ 24. Ka1 b6 25. Qf6 Re8 26. Rfg1 Qf2 27. Rd1
Qf3 28. Rhe1 Be6 29. Rd4 Qg4 30. b3 h5 31. Kb2 Kh7 32. Rde4 Qf5 33. Qxf5 gxf5
34. R4e3 Rg8 35. Rh3 Rg4 36. Rxh5+ Kg6 37. Rg5+ Kf6 38. Rf1 Rxf4 39. Rxf4 Kxg5
40. Rd4 f4 41. Kc2 Kg4 42. Kd2 Kg3 43. Ke1 Kf3 44. Kd2 Kg3 45. Ke1 Kf3 46. Kd2
Kg3 47. c4 f3 48. Ke3 Bg4 49. Rf4 Bh5 50. b4 1-0

[Event "International Championship of Central Serbia 2015 - OPEN A"]
[Site "Paracin"]
[Date "2015.07.06"]
[Round "4.30"]
[White "Brankovic, Dejan"]
[Black "Injac, Teodora"]
[Result "1-0"]
[WhiteElo "2322"]
[BlackElo "2165"]
[PlyCount "133"]
[EventDate "2015.07.03"]

1. e4 e6 2. Qe2 c5 3. Nf3 Nc6 4. g3 d6 5. Bg2 Nf6 6. O-O Be7 7. c3 O-O 8. d4
cxd4 9. cxd4 d5 10. e5 Ne4 11. Be3 Bd7 12. Rd1 Rc8 13. Ne1 f6 14. f3 Ng5 15.
Bxg5 fxg5 16. Nc3 Qb6 17. Qe3 Nxd4 18. Rxd4 Bc5 19. Ne2 Qxb2 20. Rad1 Qxa2 21.
Kh1 Ba4 22. Rc1 Bxd4 23. Nxd4 Rxc1 24. Qxc1 Qc4 25. Qd2 Bd7 26. Nec2 h6 27. Kg1
Rc8 28. f4 Qc3 29. Qxc3 Rxc3 30. f5 Kf7 31. Kf2 Rc4 32. Ke2 b5 33. Kd2 a5 34.
fxe6+ Bxe6 35. Bf1 Rc5 36. Bxb5 h5 37. Ne1 Bg4 38. Nd3 Rc7 39. Bc6 Ke7 40. Ke3
Be6 41. Nc5 Bg8 42. Kd3 g6 43. Ke3 Rc8 44. Ncb3 a4 45. Bxa4 h4 46. Bb5 hxg3 47.
hxg3 Rc3+ 48. Bd3 Bf7 49. Kd2 Rc8 50. Na5 Rh8 51. Ke3 Rh3 52. Kf3 Rh1 53. Nac6+
Kd7 54. Bb5 Rb1 55. Nb4+ Ke7 56. Nbc2 Be6 57. Bd3 Rb6 58. Bxg6 Bc8 59. Bd3 Kf7
60. Ne3 Be6 61. g4 Rb8 62. Bf5 Bc8 63. Bxc8 Rxc8 64. Nxd5 Rd8 65. Ke4 Rb8 66.
e6+ Ke8 67. Ke5 1-0

[Event "International Championship of Central Serbia 2015 - OPEN A"]
[Site "Paracin"]
[Date "2015.07.06"]
[Round "4.31"]
[White "Hjelmas, Lars"]
[Black "Akman, Ozgur"]
[Result "0-1"]
[WhiteElo "2291"]
[BlackElo "1964"]
[PlyCount "56"]
[EventDate "2015.07.03"]

1. d4 Nf6 2. c4 e6 3. g3 d5 4. Nf3 dxc4 5. Bg2 Bd7 6. Ne5 Bc6 7. Nxc6 Nxc6 8.
Qa4 Qd7 9. Qxc4 Nxd4 10. Bxb7 Rb8 11. Bg2 Bb4+ 12. Nd2 O-O 13. e3 Nf5 14. Bc6
Qd8 15. a3 Bxd2+ 16. Bxd2 Rxb2 17. Bb4 Nd5 18. O-O-O Rxf2 19. Qc5 Nd6 20. Bxd5
exd5 21. Rxd5 Qf6 22. Qc3 Rf1+ 23. Rxf1 Qxf1+ 24. Rd1 Qf5 25. Kb2 h6 26. Qxc7
Nb5 27. Qd8 Rxd8 28. Rxd8+ Kh7 0-1

[Event "International Championship of Central Serbia 2015 - OPEN A"]
[Site "Paracin"]
[Date "2015.07.06"]
[Round "4.32"]
[White "Persson, Richard"]
[Black "Radovic, Luka"]
[Result "1-0"]
[WhiteElo "2158"]
[BlackElo "2290"]
[PlyCount "102"]
[EventDate "2015.07.03"]

1. e4 e6 2. d4 d5 3. Nc3 Nf6 4. e5 Nfd7 5. f4 a6 6. Nf3 c5 7. Be3 Nc6 8. Qd2 b5
9. Be2 Qb6 10. O-O Bb7 11. Kh1 O-O-O 12. Nd1 f6 13. c3 Be7 14. b3 h6 15. Nb2 g5
16. a4 gxf4 17. Bxf4 fxe5 18. axb5 axb5 19. dxe5 c4 20. bxc4 dxc4 21. Qc2 Bg5
22. Bg3 Rhg8 23. Rfe1 Ndxe5 24. Qe4 Bf6 25. Nxc4 bxc4 26. Reb1 Qc5 27. Nxe5
Bxe5 28. Bxc4 Bxg3 29. Bxe6+ Kb8 30. Bxg8 Rxg8 31. hxg3 Rxg3 32. Qe8+ Kc7 33.
Rxb7+ Kxb7 34. Qd7+ Kb6 35. Rb1+ Qb5 36. Rxb5+ Kxb5 37. c4+ Kb6 38. Qd5 Rg5 39.
Qe6 Rh5+ 40. Kg1 Kc5 41. Kf2 Re5 42. Qxh6 Nd4 43. g4 Kxc4 44. g5 Rf5+ 45. Ke3
Rf1 46. Qa6+ Nb5 47. g6 Rg1 48. Kf2 Rg5 49. Qf6 Rd5 50. g7 Nc3 51. Qc6+ Kd4 1-0

[Event "International Championship of Central Serbia 2015 - OPEN A"]
[Site "Paracin"]
[Date "2015.07.06"]
[Round "4.33"]
[White "Ozalp, Burak"]
[Black "Gavrilescu, David"]
[Result "0-1"]
[WhiteElo "2113"]
[BlackElo "2282"]
[PlyCount "63"]
[EventDate "2015.07.03"]

1. e4 c6 2. Nc3 d5 3. Nf3 dxe4 4. Nxe4 Nf6 5. Nxf6+ gxf6 6. Bc4 Bf5 7. d3 e6 8.
Nh4 Bg6 9. Bd2 Nd7 10. f4 f5 11. g3 Nf6 12. Bc3 Be7 13. Nxg6 hxg6 14. Qe2 a5
15. a4 Bb4 16. O-O-O Bxc3 17. bxc3 Qd6 18. Rde1 O-O-O 19. Qe3 Qa3+ 20. Kd2 Ne4+
21. Ke2 Qxc3 22. dxe4 Qxc2+ 23. Kf3 Qxc4 24. Rd1 Rxd1 25. Rxd1 Rxh2 26. exf5
gxf5 27. Qd3 Qxd3+ 28. Rxd3 Ra2 29. g4 Rxa4 30. g5 Re4 31. Rd1 a4 32. Rh1 0-1

[Event "International Championship of Central Serbia 2015 - OPEN A"]
[Site "Paracin"]
[Date "2015.07.06"]
[Round "4.34"]
[White "Marjanovics, Annamaria"]
[Black "Aydincelebi, Kagan"]
[Result "1-0"]
[WhiteElo "2277"]
[BlackElo "1910"]
[PlyCount "69"]
[EventDate "2015.07.03"]

1. e4 c5 2. Nf3 g6 3. d4 cxd4 4. Nxd4 Bg7 5. c4 Nc6 6. Nc2 Nf6 7. Nc3 O-O 8.
Be2 d6 9. O-O Nd7 10. Bd2 Nc5 11. b4 Ne6 12. Rc1 Ned4 13. Nxd4 Nxd4 14. Be3
Nxe2+ 15. Qxe2 b6 16. Rfd1 Ba6 17. Nd5 e6 18. Nf4 Qe7 19. Qd2 Rfd8 20. a4 Rac8
21. b5 Bb7 22. f3 Be5 23. Nd3 f5 24. exf5 gxf5 25. a5 bxa5 26. Qxa5 Qg7 27.
Nxe5 Qxe5 28. Bd4 Qf4 29. Qxa7 Rd7 30. Be3 Qh4 31. c5 Kg7 32. Qa2 Kg6 33. c6
Ba8 34. b6 Bxc6 35. Qa8 1-0

[Event "International Championship of Central Serbia 2015 - OPEN A"]
[Site "Paracin"]
[Date "2015.07.06"]
[Round "4.35"]
[White "Radeva, Viktoria"]
[Black "Malekian, Babak"]
[Result "0-1"]
[WhiteElo "2042"]
[BlackElo "2262"]
[PlyCount "142"]
[EventDate "2015.07.03"]

1. e4 g6 2. d4 Bg7 3. Nc3 c6 4. Nf3 d5 5. h3 Nf6 6. Bd3 dxe4 7. Nxe4 Nxe4 8.
Bxe4 O-O 9. O-O Nd7 10. Re1 c5 11. c3 cxd4 12. Nxd4 Nc5 13. Bc2 e5 14. Nb3 Ne6
15. Be3 Qc7 16. Qc1 Rd8 17. Bh6 Bf6 18. Qe3 a5 19. Nd2 a4 20. a3 Ra5 21. Rad1
Be7 22. Nf3 f6 23. Rxd8+ Nxd8 24. h4 Nf7 25. Qd2 Nxh6 26. Qxh6 Bf8 27. Qd2 Be6
28. Re4 Rd5 29. Qe1 b5 30. Re2 Bc5 31. Rd2 Kg7 32. Be4 Rd6 33. Rxd6 Qxd6 34.
Qd2 Qxd2 35. Nxd2 Bd7 36. Kf1 f5 37. Bd5 e4 38. Ke2 Kf8 39. Nf1 Ke7 40. Ne3 h6
41. Nd1 Kd6 42. Bb7 Ke5 43. Ne3 Be6 44. Bc6 f4 45. Nd1 Bc4+ 46. Kd2 g5 47. hxg5
hxg5 48. Bb7 Bf1 49. Bc6 Bxg2 50. Bxb5 Bxf2 51. Nxf2 e3+ 52. Ke1 exf2+ 53. Kxf2
Be4 54. Bxa4 g4 55. Bd1 g3+ 56. Kg1 Bc6 57. b4 Ke4 58. a4 Ke3 59. b5 Bd5 60. b6
Bc6 61. a5 Bb7 62. c4 Kd4 63. Be2 Kc5 64. Bg4 Kb4 65. c5 Kxa5 66. Bd7 f3 67.
Bg4 f2+ 68. Kf1 Kb4 69. c6 Bxc6 70. Be2 Ka5 71. b7 Bxb7 0-1

[Event "International Championship of Central Serbia 2015 - OPEN A"]
[Site "Paracin"]
[Date "2015.07.06"]
[Round "4.36"]
[White "Johansson, Thomas"]
[Black "Vavulin, Maksim"]
[Result "0-1"]
[WhiteElo "2180"]
[BlackElo "2445"]
[PlyCount "84"]
[EventDate "2015.07.03"]

1. d4 g6 2. f4 Bg7 3. Nf3 d6 4. e4 a6 5. c3 Nd7 6. Bc4 e6 7. Qe2 Ne7 8. Nbd2
O-O 9. h4 c5 10. h5 cxd4 11. Nxd4 d5 12. Bb3 e5 13. fxe5 Nc5 14. hxg6 hxg6 15.
g3 Re8 16. Bc2 Nf5 17. Nxf5 Bxf5 18. g4 Bxe4 19. Nxe4 Nxe4 20. Qh2 Rxe5 21. Bf4
Ng5+ 22. Kd1 Re6 23. Bb3 Qf6 24. Kc1 Re4 25. Bd2 Rd8 26. Kc2 Nf3 27. Qh7+ Kf8
28. Bh6 Bxh6 29. Qxh6+ Ke7 30. Rad1 Rxg4 31. Kb1 Qg5 32. Qg7 Rg2 33. Ka1 Re2
34. Rhf1 Re3 35. c4 d4 36. c5 Qf6 37. Qh6 Rh8 38. Rxf3 Rxh6 39. Rxf6 Kxf6 40.
Rf1+ Ke5 41. Bxf7 d3 42. b4 d2 0-1

[Event "International Championship of Central Serbia 2015 - OPEN A"]
[Site "Paracin"]
[Date "2015.07.06"]
[Round "4.37"]
[White "Kuzmanovic, Slobodan"]
[Black "Vajic, Goran"]
[Result "1/2-1/2"]
[WhiteElo "2173"]
[BlackElo "2372"]
[PlyCount "79"]
[EventDate "2015.07.03"]

1. e4 e5 2. Nf3 Nf6 3. Nxe5 d6 4. Nc4 Nxe4 5. Qe2 Qe7 6. Ne3 c6 7. g3 g6 8. Nc4
d5 9. d3 Be6 10. dxe4 dxc4 11. Bg2 Bg7 12. O-O O-O 13. Nc3 Nd7 14. Bf4 Ne5 15.
h3 Rfe8 16. Rae1 Qb4 17. Bc1 Nd7 18. a3 Qa5 19. f4 Bxc3 20. bxc3 Qxc3 21. Rf3
Qd4+ 22. Be3 Qxe4 23. Qf2 Bd5 24. f5 Ne5 25. Rf4 Qxg2+ 26. Qxg2 Bxg2 27. Kxg2
gxf5 28. Rxf5 Ng6 29. h4 Rad8 30. h5 Re5 31. Rxe5 Nxe5 32. Bg5 f6 33. Rxe5 fxg5
34. Re7 Rd2+ 35. Kh3 Rxc2 36. Rxb7 Rd2 37. Rxa7 Rd6 38. Ra4 Kf7 39. Rxc4 h6 40.
Rc3 1/2-1/2

[Event "International Championship of Central Serbia 2015 - OPEN A"]
[Site "Paracin"]
[Date "2015.07.06"]
[Round "4.38"]
[White "Zlatanovic, Zoran"]
[Black "Vucinic, Gojko"]
[Result "1/2-1/2"]
[WhiteElo "2123"]
[BlackElo "2328"]
[PlyCount "65"]
[EventDate "2015.07.03"]

1. Nf3 Nf6 2. g3 g6 3. Bg2 Bg7 4. O-O O-O 5. d3 d5 6. c4 dxc4 7. dxc4 Nbd7 8.
Nc3 c6 9. Qc2 Nc5 10. Rd1 Qa5 11. Bd2 Qa6 12. Be3 Bf5 13. Qc1 Ncd7 14. b3 e5
15. h3 Rfe8 16. g4 Be6 17. Ng5 Nf8 18. Na4 Qa5 19. Nc5 Qc7 20. Ngxe6 Nxe6 21.
Nxe6 Rxe6 22. Qd2 e4 23. Rac1 Rae8 24. b4 Bf8 25. a3 a6 26. Bf4 Qe7 27. e3 b6
28. Bg5 h6 29. Bh4 g5 30. Bg3 Qa7 31. a4 c5 32. b5 a5 33. Qe2 1/2-1/2

[Event "International Championship of Central Serbia 2015 - OPEN A"]
[Site "Paracin"]
[Date "2015.07.06"]
[Round "4.39"]
[White "Besedes, Danilo"]
[Black "Velikic, Adela"]
[Result "1/2-1/2"]
[WhiteElo "2307"]
[BlackElo "2128"]
[PlyCount "100"]
[EventDate "2015.07.03"]

1. b3 Nf6 2. Bb2 g6 3. Bxf6 exf6 4. c4 Bg7 5. Nc3 O-O 6. g3 d6 7. Bg2 f5 8. Rc1
c6 9. e3 Nd7 10. Nge2 a5 11. O-O Qe7 12. d3 h5 13. a3 h4 14. b4 axb4 15. axb4
Ne5 16. b5 Bd7 17. Nd4 hxg3 18. hxg3 Rfc8 19. Re1 Qf6 20. Qe2 g5 21. Nf3 Ng4
22. d4 Qg6 23. Qd2 Nf6 24. Qd1 Ra3 25. Na4 Be8 26. Nb6 Rd8 27. Qc2 Ne4 28. Qb2
Ra7 29. Qb1 Bf6 30. Rcd1 Nc3 31. Qb4 Nxd1 32. Rxd1 Be7 33. Qb3 Rb8 34. Na4 cxb5
35. cxb5 Ra5 36. Nc3 Rba8 37. Qb2 Qe6 38. Nd2 Qd7 39. Nc4 Rxb5 40. Nxb5 Qxb5
41. Qxb5 Bxb5 42. Bxb7 Ra7 43. Bd5 Bxc4 44. Bxc4 Kg7 45. Kg2 Ra4 46. Rc1 f4 47.
Kf3 fxe3 48. fxe3 f5 49. Bd3 Kf6 50. Rc7 Ra5 1/2-1/2

[Event "International Championship of Central Serbia 2015 - OPEN A"]
[Site "Paracin"]
[Date "2015.07.06"]
[Round "4.40"]
[White "Martic, Zlatko"]
[Black "Dimitrijevic, Dusan"]
[Result "0-1"]
[WhiteElo "2299"]
[BlackElo "2115"]
[PlyCount "88"]
[EventDate "2015.07.03"]

1. d4 Nf6 2. c4 e6 3. Nc3 Bb4 4. Nf3 Nc6 5. Qc2 d6 6. a3 Bxc3+ 7. Qxc3 Qe7 8.
b4 e5 9. dxe5 Nxe5 10. Nxe5 Qxe5 11. Bb2 Qxc3+ 12. Bxc3 Ke7 13. e3 Be6 14. Bd3
Rhd8 15. Ke2 Nd7 16. f4 Nb6 17. Rac1 f6 18. Bd4 Nd7 19. Bxh7 c5 20. Ba1 cxb4
21. axb4 a5 22. c5 dxc5 23. bxc5 Bd5 24. e4 Bc6 25. g4 Nf8 26. Bg8 Ng6 27. Bc4
Nxf4+ 28. Kf3 Ne6 29. Bxe6 Kxe6 30. h4 Rd3+ 31. Kf4 g5+ 32. hxg5 fxg5+ 33. Kxg5
Rg8+ 34. Kh4 Bxe4 35. Rhe1 Kd5 36. Rb1 Rd2 37. Rxb7 Rh2+ 38. Kg3 Rg2+ 39. Kh3
R2xg4 40. Re7 Bg2+ 41. Kh2 Bf1 42. R7e5+ Kc6 43. Re6+ Kb5 44. Rh6 Rg2+ 0-1

[Event "International Championship of Central Serbia 2015 - OPEN A"]
[Site "Paracin"]
[Date "2015.07.06"]
[Round "4.41"]
[White "Scripcaru, George-Daniel"]
[Black "Nikolovski, Nikola"]
[Result "1-0"]
[WhiteElo "2115"]
[BlackElo "2293"]
[PlyCount "99"]
[EventDate "2015.07.03"]

1. e4 d5 2. exd5 Nf6 3. Bc4 Nxd5 4. Qf3 c6 5. Nc3 e6 6. Nge2 Be7 7. O-O Nd7 8.
d4 N7f6 9. Ne4 b6 10. Bd3 Bb7 11. c4 Nb4 12. Nxf6+ gxf6 13. Bb1 Qd7 14. c5 Ba6
15. Be3 h5 16. Re1 Bxe2 17. Qxe2 h4 18. Be4 f5 19. Bf3 h3 20. g3 Nd5 21. Rac1
Bf6 22. Red1 Kf8 23. a4 Kg7 24. Qd2 Kg6 25. b4 Rab8 26. b5 Rhc8 27. bxc6 Rxc6
28. Qe2 Rcc8 29. Rc4 b5 30. axb5 Qxb5 31. Rc2 Qb3 32. Rdc1 a5 33. Qd2 a4 34.
Bd1 a3 35. Qe2 Qb4 36. Qh5+ Kg7 37. Qh6+ Kg8 38. Bf3 Bxd4 39. Rc4 Bxe3 40. fxe3
Qb2 41. Bxd5 exd5 42. Qg5+ Kf8 43. R1c2 Qe5 44. c6 Rb2 45. Qh6+ Ke7 46. Qg5+
Kd6 47. c7 Rxc2 48. Qd8+ Ke6 49. Qxc8+ Kf6 50. Qh8+ 1-0

[Event "International Championship of Central Serbia 2015 - OPEN A"]
[Site "Paracin"]
[Date "2015.07.06"]
[Round "4.42"]
[White "Cvetanovic, Uros"]
[Black "Sahin, Ozgun"]
[Result "1-0"]
[WhiteElo "2264"]
[BlackElo "2106"]
[PlyCount "101"]
[EventDate "2015.07.03"]

1. e4 g6 2. d4 Bg7 3. Nc3 d6 4. Be3 Nf6 5. f3 O-O 6. Qd2 Nbd7 7. h4 c5 8. d5
Ne5 9. g4 Qa5 10. h5 Rb8 11. Nd1 Qxd2+ 12. Bxd2 Nxf3+ 13. Nxf3 Bxg4 14. Bg2
Nxe4 15. h6 Bh8 16. Rb1 Nxd2 17. Kxd2 e5 18. Ne3 Bxf3 19. Bxf3 f5 20. a4 e4 21.
Bg2 Bf6 22. Nc4 Be7 23. c3 Rf6 24. Rbf1 Re8 25. Kc2 Bf8 26. Ne3 Rf7 27. Bh3 Re5
28. Rd1 Rf6 29. Bg2 g5 30. Rdf1 Kf7 31. Bh3 Rxh6 32. Bxf5 Rxh1 33. Rxh1 Re7 34.
Rxh7+ Kf6 35. Rxe7 Bxe7 36. Bxe4 Ke5 37. Kd3 Kf4 38. Bf5 Bf6 39. Bc8 b6 40. Ng4
Bg7 41. Kc4 Ke4 42. Be6 a6 43. b4 cxb4 44. cxb4 a5 45. bxa5 bxa5 46. Kb5 Bc3
47. Kc6 Bb4 48. Nh6 Ke5 49. Nf7+ Kf6 50. Nxd6 Ke7 51. Ne4 1-0

[Event "International Championship of Central Serbia 2015 - OPEN A"]
[Site "Paracin"]
[Date "2015.07.06"]
[Round "4.43"]
[White "Todorovic, Nenad I"]
[Black "Markovic, Miroslav R"]
[Result "1-0"]
[WhiteElo "2252"]
[BlackElo "2114"]
[PlyCount "33"]
[EventDate "2015.07.03"]

1. e4 e6 2. d4 c5 3. Nf3 a6 4. Be2 cxd4 5. Nxd4 Nc6 6. Nc3 Bb4 7. Nxc6 bxc6 8.
Qd4 Bf8 9. e5 Ne7 10. Bf4 Ng6 11. Bg3 Rb8 12. O-O-O Rb4 13. Bc4 c5 14. Qe4 Bb7
15. Qd3 Qg5+ 16. f4 Nxf4 17. Qxd7# 1-0

[Event "International Championship of Central Serbia 2015 - OPEN A"]
[Site "Paracin"]
[Date "2015.07.06"]
[Round "4.44"]
[White "Ludvigsen, Frode"]
[Black "Fernandez, Michael"]
[Result "0-1"]
[WhiteElo "2085"]
[BlackElo "2249"]
[PlyCount "50"]
[EventDate "2015.07.03"]

1. d4 g6 2. c4 Bg7 3. Nc3 c5 4. d5 d6 5. e4 a6 6. a4 Nh6 7. h4 f5 8. Bd3 fxe4
9. Bxe4 Bg4 10. Nge2 O-O 11. f3 Bf5 12. h5 Nf7 13. hxg6 hxg6 14. Bxf5 gxf5 15.
Nf4 Ng5 16. Nh5 e5 17. Nxg7 Kxg7 18. f4 Nf7 19. Qd3 Qf6 20. Bd2 Nd7 21. O-O-O
Rh8 22. Rdf1 Nh6 23. fxe5 Nxe5 24. Qg3+ Qg6 25. Qf4 Nd3+ 0-1

[Event "International Championship of Central Serbia 2015 - OPEN A"]
[Site "Paracin"]
[Date "2015.07.06"]
[Round "4.45"]
[White "Breivik, Lars"]
[Black "Aleksic, Neven"]
[Result "1-0"]
[WhiteElo "2247"]
[BlackElo "2068"]
[PlyCount "79"]
[EventDate "2015.07.03"]

1. d4 Nf6 2. Nf3 e6 3. e3 c5 4. Bd3 d5 5. O-O Bd6 6. b3 O-O 7. Bb2 Nc6 8. a3
Qe7 9. Nbd2 e5 10. dxc5 Bxc5 11. b4 Bd6 12. c4 e4 13. Bxf6 Qxf6 14. Bxe4 dxe4
15. Nxe4 Bxh2+ 16. Nxh2 Qg6 17. Ng3 Be6 18. c5 Bc4 19. Re1 a5 20. Qc1 Be6 21.
Qc3 h5 22. Ne2 h4 23. Nf4 Qg5 24. Nf3 Qg4 25. b5 Ne7 26. Nxe6 fxe6 27. Qd4 Qg6
28. Nxh4 Qh5 29. Qe4 Rf6 30. Qxb7 Raf8 31. Qxe7 Qxh4 32. f3 Qg3 33. Qd6 e5 34.
Qd5+ Kh8 35. Rf1 Rh6 36. Ra2 Rh2 37. Rd1 Qh4 38. Kf1 e4 39. Rf2 Rxf3 40. Qd8+
1-0

[Event "International Championship of Central Serbia 2015 - OPEN A"]
[Site "Paracin"]
[Date "2015.07.06"]
[Round "4.46"]
[White "Konstantinov, Aleksandar"]
[Black "Furman, Boris"]
[Result "0-1"]
[WhiteElo "2046"]
[BlackElo "2239"]
[PlyCount "68"]
[EventDate "2015.07.03"]

1. d4 Nf6 2. c4 e6 3. Nc3 Bb4 4. e3 O-O 5. Nge2 d5 6. a3 Bd6 7. Ng3 dxc4 8.
Bxc4 e5 9. O-O exd4 10. exd4 Nc6 11. Nce2 Re8 12. b4 a6 13. Bb2 b5 14. Bd3 Bb7
15. Nf5 Bf8 16. Qd2 Ne7 17. Nxe7+ Bxe7 18. Ng3 g6 19. Rfe1 Qd7 20. Rac1 Bf8 21.
f3 Rxe1+ 22. Rxe1 Rd8 23. Qg5 Bg7 24. d5 h6 25. Qc1 Bxd5 26. Bxf6 Bxf6 27. Qxh6
Re8 28. Rxe8+ Qxe8 29. Ne4 Bd4+ 30. Kh1 f5 31. Ng3 Bf7 32. Ne2 Be3 33. Qh4 Qd7
34. Bc2 Qd2 0-1

[Event "International Championship of Central Serbia 2015 - OPEN A"]
[Site "Paracin"]
[Date "2015.07.06"]
[Round "4.47"]
[White "Naik, Rishubh Naresh"]
[Black "Lekic, Lazar"]
[Result "1-0"]
[WhiteElo "2007"]
[BlackElo "2235"]
[PlyCount "77"]
[EventDate "2015.07.03"]

1. Nf3 Nf6 2. g3 e6 3. Bg2 d5 4. d4 b6 5. b3 Bb7 6. Bb2 Bb4+ 7. c3 Bd6 8. O-O
O-O 9. Nbd2 c5 10. c4 Nbd7 11. cxd5 exd5 12. Nh4 Re8 13. Re1 Ne4 14. Nf5 Bf8
15. dxc5 Ndxc5 16. Nf3 g6 17. N5d4 Qe7 18. e3 Bh6 19. Bf1 a6 20. Nh4 Qd7 21.
Rc1 Bg7 22. Rc2 Ng5 23. Bg2 Nce4 24. Rf1 a5 25. f3 Nc5 26. Re1 Ba6 27. Rd2 Bh6
28. Nc2 Rad8 29. Bf6 Nh3+ 30. Bxh3 Qxh3 31. Bxd8 Rxd8 32. Rxd5 Rxd5 33. Qxd5
Nd3 34. Qa8+ Kg7 35. Qxa6 Nxe1 36. Nxe1 Bxe3+ 37. Kh1 Bf2 38. Qe2 Bxg3 39. Qg2
1-0

[Event "International Championship of Central Serbia 2015 - OPEN A"]
[Site "Paracin"]
[Date "2015.07.06"]
[Round "4.48"]
[White "Djokic, Nebojsa"]
[Black "Martynov, Petr"]
[Result "1/2-1/2"]
[WhiteElo "2224"]
[BlackElo "1932"]
[PlyCount "77"]
[EventDate "2015.07.03"]

1. e4 e5 2. Nf3 Nc6 3. Bb5 Nge7 4. Nc3 d6 5. d4 exd4 6. Nxd4 Bd7 7. Bg5 Nxd4 8.
Qxd4 Bxb5 9. Nxb5 Nc6 10. Qe3 Be7 11. Bxe7 Qxe7 12. O-O-O a6 13. Nc3 O-O-O 14.
Nd5 Qe6 15. Rhe1 Rhe8 16. f4 Qg6 17. Qf3 Kb8 18. g4 Qh6 19. h4 f6 20. h5 g5 21.
hxg6 Qxg6 22. Rd2 Rg8 23. Rg2 Rde8 24. g5 fxg5 25. Rxg5 Qf7 26. Rxg8 Rxg8 27.
Qc3 Rg2 28. b4 Qg6 29. a4 Rg3 30. Re3 Rxe3 31. Qxe3 Qg7 32. c3 Qg2 33. f5 Ne5
34. f6 Qf1+ 35. Kc2 Nc4 36. Qf4 Qe2+ 37. Kc1 Qe1+ 38. Kc2 Qe2+ 39. Kc1 1/2-1/2

[Event "International Championship of Central Serbia 2015 - OPEN A"]
[Site "Paracin"]
[Date "2015.07.06"]
[Round "4.49"]
[White "Dimitrijevic, Nenad"]
[Black "Egorova, Ayyyna"]
[Result "1-0"]
[WhiteElo "2216"]
[BlackElo "1901"]
[PlyCount "105"]
[EventDate "2015.07.03"]

1. Nf3 f5 2. b3 Nf6 3. Bb2 g6 4. c4 Bg7 5. g3 O-O 6. Bg2 d6 7. d4 Ne4 8. O-O
Nc6 9. e3 e5 10. Nbd2 Nxd2 11. Qxd2 e4 12. Ne1 Qe7 13. b4 a6 14. a4 g5 15. b5
axb5 16. axb5 Rxa1 17. Bxa1 Nd8 18. f3 b6 19. fxe4 fxe4 20. Rxf8+ Kxf8 21. Nc2
Nf7 22. h3 g4 23. h4 Nh6 24. Qf2+ Nf5 25. Qf4 h5 26. d5 Bxa1 27. Nxa1 Qf6 28.
Nc2 Qc3 29. Bxe4 Qxc4 30. Bxf5 Qxf4 31. exf4 Bxf5 32. Nd4 Be4 33. Ne6+ Ke7 34.
Nxc7 Kd8 35. Ne6+ Ke7 36. Nd4 Bxd5 37. Kf2 Be4 38. Ke3 d5 39. Nc6+ Kd6 40. Kd4
Bg6 41. Nb4 Be4 42. Na2 Bc2 43. Nc3 Bb3 44. f5 Bc4 45. f6 Ke6 46. Nxd5 Bf1 47.
Nxb6 Bxb5 48. Nd5 Bc6 49. Nf4+ Kxf6 50. Nxh5+ Kg6 51. Nf4+ Kh6 52. Nd5 Ba4 53.
Ne3 1-0

[Event "International Championship of Central Serbia 2015 - OPEN A"]
[Site "Paracin"]
[Date "2015.07.06"]
[Round "4.50"]
[White "Kucuksari, Kaan"]
[Black "Dogan, Nazmi Can"]
[Result "0-1"]
[WhiteElo "1981"]
[BlackElo "2182"]
[PlyCount "58"]
[EventDate "2015.07.03"]

1. d4 Nf6 2. Nf3 g6 3. Nbd2 c5 4. c3 cxd4 5. cxd4 d5 6. e3 Bg7 7. b4 O-O 8. Be2
Bf5 9. O-O Qb6 10. a3 Rc8 11. Ne1 h5 12. h3 Ne4 13. Nxe4 Bxe4 14. Bb2 Nd7 15.
f3 Bf5 16. g4 hxg4 17. hxg4 Be6 18. Nd3 Qd6 19. Kg2 Rc7 20. Nc5 b6 21. Na6 Rcc8
22. b5 Nf6 23. Nb4 Bd7 24. g5 Nh5 25. f4 Qe6 26. Rh1 Qxe3 27. Rxh5 gxh5 28.
Nxd5 Qh3+ 29. Kf2 h4 0-1

[Event "International Championship of Central Serbia 2015 - OPEN A"]
[Site "Paracin"]
[Date "2015.07.06"]
[Round "4.52"]
[White "Vassilev, Martin"]
[Black "Jovanovic, Sasa T"]
[Result "0-1"]
[WhiteElo "2030"]
[BlackElo "2211"]
[PlyCount "134"]
[EventDate "2015.07.03"]

1. e4 c5 2. c3 b6 3. d4 Bb7 4. d5 Nf6 5. Bd3 g6 6. Bg5 Bg7 7. Qd2 h6 8. Bf4 g5
9. Bg3 Nh5 10. Qe2 Nxg3 11. hxg3 d6 12. Nd2 Nd7 13. f4 Qc7 14. a4 O-O-O 15. Ba6
Bxa6 16. Qxa6+ Qb7 17. Qxb7+ Kxb7 18. Nc4 Nf6 19. Nd2 e6 20. dxe6 fxe6 21. Ngf3
Ng4 22. Ke2 gxf4 23. gxf4 d5 24. e5 Rhg8 25. Nh2 Nxh2 26. Rxh2 Bf8 27. Kf3 Rd7
28. g4 Rf7 29. Rf1 Be7 30. c4 dxc4 31. Nxc4 Rxf4+ 32. Kxf4 Rf8+ 33. Ke4 Rxf1
34. Rxh6 Bg5 35. Rxe6 Rf4+ 36. Kd3 Rd4+ 37. Kc3 Rxg4 38. Rd6 Kc7 39. Rd3 a6 40.
Rf3 b5 41. axb5 axb5 42. Nd6 Kc6 43. Nf5 Kd5 44. Nd6 Bf4 45. Nxb5 Bxe5+ 46. Kd3
c4+ 47. Kc2 Rg2+ 48. Kd1 Rxb2 49. Nc3+ Kd4 50. Ne2+ Ke4 51. Rh3 Kd5 52. Ra3 Bd6
53. Rc3 Be5 54. Ra3 Kc5 55. Ra5+ Kd6 56. Ra3 Kd5 57. Nc3+ Bxc3 58. Rxc3 Kd4 59.
Ra3 Rb3 60. Ra2 Rh3 61. Ra8 Kd3 62. Kc1 Rh1+ 63. Kb2 c3+ 64. Ka2 c2 65. Rd8+
Ke4 66. Re8+ Kd5 67. Rd8+ Ke6 0-1